| 000 | 01048nam a2200265 i 4500 | ||
|---|---|---|---|
| 001 | 121503 | ||
| 003 | ES-MaACL | ||
| 005 | 20250814045502.0 | ||
| 007 | t| | ||
| 008 | 070214s1947 sp |||| | spa d | ||
| 100 | 1 |
_aPlanck, Max. _992540 |
|
| 245 | 1 | 1 |
_a¿Determinismo o indeterminismo? / _cMax Planck _b. La idea fundamental de la mecánica ondulatoria / Erwin Schrödinger . La unidad de la imagen cientificonatural del mundo / Werner Heisenberg ; [traducción y nota de Rafael Pérez Delgado]. |
| 260 |
_aMadrid : _bCuatro Pliegos, _c1947. |
||
| 300 |
_a131 p. ; _c18 cm. |
||
| 650 | 0 | 7 |
_aMecánica ondulatoria _2embne _914878 |
| 650 |
_aCiencia- _xFilosofía. _910950 |
||
| 650 | 0 | 4 |
_aFísica- _xFilosofía. _912881 |
| 700 | 1 |
_aSchrodinger, Erwin. _9187630 |
|
| 700 | 1 |
_aHeisenberg, Werner. _962398 |
|
| 700 | 1 |
_aPérez Delgado, Rafael. _990829 |
|
| 740 | 3 | 2 | _aLa idea fundamental de la mecánica ondulatoria. |
| 740 | 3 | 2 | _aLa unidad de la imagen cientificonatural del mundo. |
| 852 |
_aES-MaACL _jB-13501 |
||
| 999 |
_c121503 _d121503 |
||